00648nam a2200193Ia 4500008004100000020001400041082001600055100001900071245004900090250000700139260003800146300002800184500001900212600002100231650005000252942000700302952013000309999001500439240925s9999 xx 000 0 und d a201100886 a005.453 AHO aAho, Alfred V. 0aCompilers: Principles, Techniques, and Tools aNA aBoston:bAddison - Wesleyc,1985. aviii,288p.bNAfPirated aIncludes Index aComputer Science aComputer science, information & general works cBK 001040708CSaUITUbUITUd2001-06-26eM.Mur student uit g80.00l0o005.453 AHOpQ3761r2024-09-25 07:13:16w2024-09-25yBK c6260d6260